OIO - MVP (odgadnij cały tekst) - Statystyki

Ogólne statystyki
  • Ten quiz został rozwiązany 218 razy
    17 od ostatniego zresetowania
  • Średni wynik to 238 z 339
Statystyki odpowiedzi
Tekst MVP % Poprawnych
i
100%
I
100%
ja
100%
jak
100%
o
100%
O
100%
Rap
100%
baggy
91%
jakbym
91%
K
91%
no
91%
nosił
91%
Ona
91%
pyta
91%
w
91%
W
91%
A
82%
bo
82%
Bo
82%
drzwi
82%
Ej
82%
ej
82%
głośniki
82%
jest
82%
jestem
82%
MVP
82%
na
82%
tak
82%
Tak
82%
Wchodzę
82%
do
73%
dziś
73%
fanki
73%
gram
73%
hitów
73%
Igi
73%
ile
73%
Jan
73%
którym
73%
ma
73%
mam
73%
many
73%
mi
73%
miasto
73%
Młody
73%
mnie
73%
mówi
73%
po
73%
robię
73%
się
73%
so
73%
te
73%
to
73%
Trochę
73%
ty
73%
weź
73%
Więc
73%
więc
73%
z
73%
że
73%
zna
73%
Ale
64%
ale
64%
Bambi
64%
być
64%
Ci
64%
dają
64%
dla
64%
Dla
64%
Dupa
64%
gracz
64%
lęki
64%
miasta
64%
Moje
64%
nas
64%
Nie
64%
nie
64%
nigdy
64%
nikt
64%
obok
64%
ogarnij
64%
piłem
64%
poniedziałki
64%
powiedziała
64%
rapie
64%
Sprite'u
64%
tylko
64%
weekendy
64%
wyglądać
64%
za
64%
Za
64%
znów
64%
życie
64%
afiszuję
55%
aucie
55%
błahe
55%
brak
55%
bzdury
55%
chcieli
55%
ciuchy
55%
Dostałem
55%
dotkną
55%
Duże
55%
dzwoni
55%
funky
55%
goście
55%
GTA
55%
Hennessy
55%
kultury
55%
łapię
55%
laski
55%
miało
55%
moim
55%
moja
55%
niż
55%
Noszę
55%
od
55%
oh
55%
olać
55%
patrz
55%
pliki
55%
pocztówkę
55%
podaję
55%
powieki
55%
reguły
55%
ręki
55%
rym
55%
rzucałem
55%
55%
słodkim
55%
słońce
55%
teraz
55%
tym
55%
vibe
55%
wersy
55%
widzi
55%
Wschodzi
55%
wybić
55%
żadne
55%
Zbieram
55%
znaczki
55%
Znowu
55%
5:00
45%
Cardi B
45%
Ciężkie
45%
ciężkimi
45%
dzień
45%
ginu
45%
Gramy
45%
grzechy
45%
im
45%
jeżdżę
45%
kodach
45%
kurwę
45%
lekkimi
45%
minuty
45%
podbija
45%
random
45%
sprawy
45%
studio
45%
super
45%
Taki
45%
taksą
45%
Trzeci
45%
Trzy
45%
twojej
45%
uber
45%
wersami
45%
węższe
45%
WWA
45%
zawijam
45%
zęby
45%
chciałem
36%
chwilę
36%
ich
36%
Jano
36%
Lekkie
36%
nich
36%
Przez
36%
Stoję
36%
syrop
36%
bitch
27%
cringe
27%
Phunk'ill
27%
życiu
27%
de
18%
Gaulle'a
9%
popełniałem
0%
Nie znaleziono quizów pasujących do podanych kryteriów
Rozkład punktacji
Procent ludzi z każdym wynikiem
Percentyl według liczby udzielonych odpowiedzi
Twoja historia wyników
Nie rozwiązałeś tego quizu od ostatniego zresetowania